Las grandes marcas en Colombia : (Registro nro. 31110)

Detalles MARC
000 -LEADER
fixed length control field 01449nam a22002417a 4500
003 - CONTROL NUMBER IDENTIFIER
control field OSt
005 - DATE AND TIME OF LATEST TRANSACTION
control field 20251113135823.0
008 - FIXED-LENGTH DATA ELEMENTS--GENERAL INFORMATION
fixed length control field 251113b |||||||| |||| 00| 0 eng d
020 ## - INTERNATIONAL STANDARD BOOK NUMBER
International Standard Book Number 9789585865907
037 ## - SOURCE OF ACQUISITION
Source of stock number/acquisition Donación
040 ## - CATALOGING SOURCE
Original cataloging agency CO-JMCR
Language of cataloging spa
Transcribing agency CO-JMCR
Modifying agency CO-JMCR
Description conventions rda
041 0# - LANGUAGE CODE
Language code of text/sound track or separate title spa
082 04 - DEWEY DECIMAL CLASSIFICATION NUMBER
Classification number 929.9
Item number G75
245 04 - TITLE STATEMENT
Title Las grandes marcas en Colombia :
Remainder of title 50 íconos de historia.
250 ## - EDITION STATEMENT
Edition statement Editor Juan Pablo Neira Luque.
260 ## - PUBLICATION, DISTRIBUTION, ETC.
Place of publication, distribution, etc. Bogotá :
Name of publisher, distributor, etc. Zetta Comunicadores,
Date of publication, distribution, etc. 2014.
300 ## - PHYSICAL DESCRIPTION
Extent 229 páginas :
Other physical details ilustraciones, fotografías ;
Dimensions 30 cm.
505 0# - FORMATTED CONTENTS NOTE
Formatted contents note Aguardiente antioqueño -- Aguila -- Argos -- Arroz Diana -- Arturo Calle -- Avianca -- Bancolombia -- Bavaria -- Cadena Hoteles Dann -- Caracol Radio -- Caracol TV -- Chevrolet -- Claro -- Coca-Cola -- Corona --Cromos -- Dinero -- Ecopetrol -- Efecty -- El Espectador -- El Rey -- Envía -- EPM -- Éxito -- Exxonmobil -- Familia -- Festival -- Grupo Aval -- Haceb -- Huevos Kikes -- JET -- Juan Valdez -- Kokoriko -- La Equidad Seguros -- La Fina -- La Lechera -- Margarita -- Milo -- Mimo´s -- Positiva -- Promasa -- Quaker -- Ramo -- RCN Radio -- RCN TV -- Refisal -- Saltín Noel -- Santa Reyes -- Semana -- Servientrega --Simoniz -- Terpel -- Totto -- Marca País.
650 #7 - SUBJECT ADDED ENTRY--TOPICAL TERM
Topical term or geographic name entry element Marcas de fábrica
Geographic subdivision Colombia.
Source of heading or term JMCR
9 (RLIN) 44426
651 #7 - SUBJECT ADDED ENTRY--GEOGRAPHIC NAME
Geographic name Colombia
General subdivision Industrias
-- Historia.
Source of heading or term JMCR
9 (RLIN) 44427
700 1# - ADDED ENTRY--PERSONAL NAME
Personal name Neira Luque, Juan Pablo,
Relator term editor.
9 (RLIN) 44428
942 ## - ADDED ENTRY ELEMENTS (KOHA)
Source of classification or shelving scheme Dewey Decimal Classification
Koha item type Books
Existencias
Withdrawn status Lost status Source of classification or shelving scheme Damaged status Not for loan Collection code Home library Current library Shelving location Date acquired Total Checkouts Full call number Barcode Date last seen Copy number Price effective from Koha item type
    Dewey Decimal Classification     Non-fiction Biblioteca Pública José María del Castillo y Rada Biblioteca Pública José María del Castillo y Rada Book Cart 11/13/2025   929.9 G75 430012351 11/13/2025 Ej.1 11/13/2025 Books